Les premieres amours du Grand Roi / (Record no. 81668)
[ view plain ]
| 000 -LEADER | |
|---|---|
| campo de control de longitud fija | 00507nam a2200181 i 4500 |
| 001 - NÚMERO DE CONTROL | |
| campo de control | 81668 |
| 003 - IDENTIFICADOR DE NÚMERO DE CONTROL | |
| campo de control | ES-MaACL |
| 005 - FECHA Y HORA DE LA ÚLTIMA TRANSACCIÓN | |
| campo de control | 20250703061658.0 |
| 007 - CAMPO FIJO DE DESCRIPCIÓN FÍSICA--INFORMACIÓN GENERAL | |
| campo de control de longitud fija | t| |
| 008 - DATOS DE LONGITUD FIJA--INFORMACIÓN GENERAL | |
| campo de control de longitud fija | 041105s1933 fr ||||1| fre d |
| 100 1# - ENTRADA PRINCIPAL--NOMBRE DE PERSONA | |
| Nombre de persona | Huyard, Etienne. |
| 9 (RLIN) | 64864 |
| 245 14 - MENCIÓN DEL TÍTULO | |
| Título | Les premieres amours du Grand Roi / |
| Mención de responsabilidad, etc. | Etienne Huyard. |
| 260 ## - PUBLICACIÓN, DISTRIBUCIÓN, ETC. | |
| Lugar de publicación, distribución, etc. | Bordeaux : |
| Nombre del editor, distribuidor, etc. | Delmas, |
| Fecha de publicación, distribución, etc. | 1933. |
| 300 ## - DESCRIPCIÓN FÍSICA | |
| Extensión | 243 p., 1 lám. ; |
| Dimensiones | 20 cm. |
| 600 07 - PUNTO DE ACCESO ADICIONAL DE MATERIA--NOMBRE DE PERSONA | |
| Nombre de persona | Luis |
| Numeración | XV, |
| Títulos y otros términos asociados al nombre | Rey de Francia |
| Fuente del encabezamiento o término | |
| 9 (RLIN) | 152777 |
| 852 ## - LOCALIZACIÓN | |
| Ubicación | ES-MaACL |
| Número de control de estantería | A-2445 |
| Estatus retirado | Estado de pérdida | Estado de daño | No para préstamo | Biblioteca de origen | Biblioteca actual | Ubicación en estantería | Fecha de adquisición | Fuente de adquisición | Total de préstamos | Signatura topográfica completa | Código de barras | Visto por última vez | Precio de reemplazo | Tipo de ítem Koha |
|---|---|---|---|---|---|---|---|---|---|---|---|---|---|---|
| Biblioteca del Ateneo de Madrid | Biblioteca del Ateneo de Madrid | Sala Pecera Planta 1 | 17/01/2008 | A-2445 | 1085364 | 23/02/2023 | 23/02/2023 | Libro impreso |
